000 01084nam0a2200313 4500
001 RU\NLR\BIBL_A\012677978
005 20220218151315.0
010 _a978-5-471-00792-5
_9500
021 _aRU
_bКН-П-21-060472
_9КН-П-21-4717
035 _a(NLR Aleph) 012677978
090 _a12805813
_c12805813
100 _a20211228d2021 u y0rusy50 ca
101 0 _arus
102 _aRU
105 _aac z 000ay
181 0 _ai
_baxxe
182 0 _an
200 1 _aВьюнок
_eрассказы
_fСветлана Вьюгина
_gхудожник: В. Ноева
203 _aТекст
_bвизуальный
_cнепосредственный
210 _aЯкутск
_cАлта
_d2021
215 _a119 с.
_cцв. ил., портр.
_d21
686 0 _aШ9(2)62=Р7-4
700 1 _aВьюгина
_bС. В.
_gСветлана Васильевна
_3RU\NLR\AUTH\77105940
702 1 _aНоева
_bВ. Ф.
_f1957-
_gВера Филипповна
_4040
942 _cBOOK
980 _aNB